| 000 | 00829cam a22002055a 4500 | ||
|---|---|---|---|
| 001 | L155519 | ||
| 008 | 120327s1813 xxk f 000 0 eng d | ||
| 035 | _a(Sirsi) u155519 | ||
| 041 | 0 | _aeng | |
| 100 | 1 |
_aYoung, Arthur _d1741-1820 |
|
| 245 | 0 | 0 |
_aGeneral view of the agriculture of Oxfordshire _bdrawn up for the consideration of the Board of Agriculture and Internal Improvement by the secretary of the Board |
| 260 |
_aLondon _bPrinted for Sherwood, Neely, and Jones _c1813 |
||
| 300 |
_axx, 504 p., leaves 505-511, 511-528 p., leaf 529, 531-532 p. [7] leaf of plates _bill., folded tables _c23 cm. |
||
| 520 | _aArthur Young was secretary of the Board. | ||
| 583 |
_aCondition reviewed _c20120620 _lcondition level 3 |
||
| 651 | 4 |
_aEngland _y886- |
|
| 690 |
_aRural _96268 |
||
| 710 | 1 | _aBoard of Agriculture | |
| 942 | _n0 | ||
| 999 |
_c113629 _d113629 |
||